Ảnh hưởng của dòng tiền tự do đến hiệu quả hoạt động của các doanh nghiệp niêm yết trên Sở giao dịch chứng khoán Thành phố Hồ Chí Minh : Luận văn Thạc sĩ Kinh tế. Chuyên ngành Tài chính - Ngân hàng

Xác định ảnh hưởng của dòng tiền tự do đến hiệu quả hoạt động của các doanh nghiệp niêm yết trên sàn HOSE và đề xuất một số khuyến nghị nhằm nâng cao hiệu quả hoạt động của các doanh nghiệp....

Descripció completa

Guardat en:
Dades bibliogràfiques
Autor principal: Quách, Nguyễn Thanh Vy
Format: Llibre
Idioma:Undetermined
Publicat: Cần Thơ Trường Đại học Cần Thơ 2017
Matèries:
Etiquetes: Afegir etiqueta
Sense etiquetes, Sigues el primer a etiquetar aquest registre!
Thư viện lưu trữ: Trung tâm Học liệu Trường Đại học Cần Thơ
LEADER 01229nam a2200205Ia 4500
001 CTU_224097
008 210402s9999 xx 000 0 und d
082 |a 332.632 
082 |b V600 
088 |a 60340201 
100 |a Quách, Nguyễn Thanh Vy 
245 0 |a Ảnh hưởng của dòng tiền tự do đến hiệu quả hoạt động của các doanh nghiệp niêm yết trên Sở giao dịch chứng khoán Thành phố Hồ Chí Minh : 
245 0 |b Luận văn Thạc sĩ Kinh tế. Chuyên ngành Tài chính - Ngân hàng 
245 0 |c Quách Nguyễn Thanh Vy ; Lê Long Hậu (Cán bộ hướng dẫn) 
260 |a Cần Thơ 
260 |b Trường Đại học Cần Thơ 
260 |c 2017 
520 |a Xác định ảnh hưởng của dòng tiền tự do đến hiệu quả hoạt động của các doanh nghiệp niêm yết trên sàn HOSE và đề xuất một số khuyến nghị nhằm nâng cao hiệu quả hoạt động của các doanh nghiệp. 
650 |a Thị trường chứng khoán,Stock exchanges 
980 |a Trung tâm Học liệu Trường Đại học Cần Thơ